Henry and the paper route (Record no. 239125)

MARC details
000 -LEADER
fixed length control field 00478nam a2200169Ia 4500
008 - FIXED-LENGTH DATA ELEMENTS--GENERAL INFORMATION
fixed length control field 191130s1957##################000#0#eng##
020 ## - INTERNATIONAL STANDARD BOOK NUMBER
ISBN 439385938
082 ## - DEWEY DECIMAL CLASSIFICATION NUMBER
Classification number 823.0083 CLE
100 ## - MAIN ENTRY--AUTHOR NAME
Personal name Cleary, Beverly
245 ## - TITLE STATEMENT
Title Henry and the paper route
Statement of responsibility, etc Beverly Cleary; Louis Darling
260 ## - PUBLICATION, DISTRIBUTION, ETC. (IMPRINT)
Place of publication New York
Name of publisher [publisher not identified]
Year of publication 1957
650 ## - SUBJECT ADDED ENTRY--TOPICAL TERM
Topical Term Short stories
991 ## -
-- 32172
Holdings
Withdrawn status Lost status Damaged status Not for loan Home library Current library Date acquired Full call number Accession Number Price effective from Koha item type
        Anna Centenary Library Anna Centenary Library 13.10.2020 823.0083 CLE 429988 13.10.2020 English Books

Find us on the map